000 00715nam a2200205Ia 4500
003 GCL
008 140319s9999 xx 000 0 ara d
040 _aGCL /
_cGCL
082 0 4 _a632
_bم م
100 1 _aمنير الصغير
245 1 0 _aمصدات الرياح والاحزمه الواقية (الطبعة الاولى) /
_cمنير الصغير
260 _a[S.N] :
_bالدار الجماهيرية للنشر والتوزيع والاعلان ،
_c1986
300 _a116 ص
490 _a
650 0 4 _aالرياح
650 0 4 _aوقاية النبات من الرياح
650 0 4 _aمصدات واحزمة للرياح
650 0 4 _aالرياح واضرار النبات
942 _2ddc
_cBK
999 _c53788
_d53788